| 000 | 00746nam a2200241 a 4500 | ||
|---|---|---|---|
| 001 | BRCA_6644 | ||
| 005 | 20190320205535.0 | ||
| 008 | 111011s2000----ne-a######---#000-0#eng-# | ||
| 020 | _a9040094918 | ||
| 041 | _aeng | ||
| 044 | _ane | ||
| 050 | 4 |
_aND653.R4 _b.L85 2000 |
|
| 100 | 1 |
_aLuijten, Ger _916638 |
|
| 245 | 1 | 0 |
_aRembrandt´s Etchings _cGer Luijten, translation Beverly Jackson. |
| 260 |
_aAmsterdam _bRijksmuseum and Uitgeverij Waanders _cc2000 |
||
| 300 |
_a48 p. _bil. (algunas a color) _c27 cm. |
||
| 500 | _aDonación Dra. Elsa Barberena | ||
| 504 | _aBibliografía: p. 48 | ||
| 650 | 1 | 4 |
_aRembrandt, Harmenszoon van Rijn _xGrabados _y1606-1669 _916639 |
| 700 | 1 |
_aJackson, Beverly _etr. _916640 |
|
| 902 | _aDEB | ||
| 942 |
_2lcc _cB |
||
| 999 |
_c6328 _d6328 |
||